Normal view
MARC view
- Dr. Muhammad Rizwan Saleem (Adjunct Faculty)
Entry Personal Name
001 - CONTROL NUMBER
- control field: 118015
003 - CONTROL NUMBER IDENTIFIER
- control field: NUST
005 - DATE AND TIME OF LATEST TRANSACTION
- control field: 20230919103442.0
008 - FIXED-LENGTH DATA ELEMENTS
- fixed length control field: 230919|| aca||aabn | a|a d
040 ## - CATALOGING SOURCE
- Original cataloging agency: NUST
- Transcribing agency: NUST
100 ## - HEADING--PERSONAL NAME
- Personal name: Dr. Muhammad Rizwan Saleem (Adjunct Faculty)
670 ## - SOURCE DATA FOUND
- Source citation: Work cat.: (NUST)601740: Muhammad Sohaib Badar (NUST2013-61520-MCES-64113-F) 116340, A hybrid design of integrated silicon (Si) solar cell with guided mode resonance filter (GMRF) /, 2017
